[Event "Tromsoe ol (Men) 41st"]
[Site "Tromsoe"]
[Date "2014.08.10"]
[Round "8.3"]
[White "Eljanov, Pavel"]
[Black "Iotov, Valentin Dimitrov"]
[Result "1-0"]
[WhiteElo "2723"]
[BlackElo "2553"]
[Annotator "Eljanov,P"]
[PlyCount "58"]
[EventDate "2014.08.02"]
[EventType "team-swiss"]
[EventRounds "11"]
[EventCountry "NOR"]
[SourceTitle "CBM 162"]
[Source "ChessBase"]
[SourceDate "2014.09.17"]
[SourceVersion "1"]
[SourceVersionDate "2014.09.17"]
[SourceQuality "1"]
[WhiteTeam "Ukraine"]
[BlackTeam "Bulgaria"]
[WhiteTeamCountry "UKR"]
[BlackTeamCountry "BUL"]

1. d4 d5 2. c4 c6 3. Nf3 Nf6 4. e3 a6 5. Nbd2 $5 {A rather rare line which has
occurred in the practice of Karpov and Bologan among others.} Bf5 6. Nh4 ({
In his last game Viorel played} 6. Qb3 {which is also quite solid:} Qc7 ({
but first of all it was not so clear to me what to do after} 6... b5 $5 7. cxd5
cxd5 8. a4 b4 $5 {it's very much a typical pawn sac in such a structure} (8...
bxa4 {also not bad}) 9. Qxb4 Nc6 10. Qc3 (10. Qc5 Bd7) 10... Qb6 11. Bd3 Bxd3
12. Qxd3 Nb4 13. Qb1 e6 {Engines like such a play for White but it's rather
inhuman} 14. O-O Qc7 15. Ra3 Be7 16. Rc3 Qa5 17. Qa1 O-O {Despite the slight
plus indicated by engines Black has long term positional compensation.}) 7. Nh4
(7. Bd3 $5) 7... Bc8 (7... Be4 8. Nxe4 dxe4 9. f3 $14) 8. Bd3 (8. Qc2 $5 {
maybe the best try to fight for an advantage is to develop the queenside first
of all} e6 9. b3 c5 10. dxc5 Qxc5 (10... Bxc5 11. cxd5 Nxd5 12. Bb2 O-O 13. Rc1
{Black is under some pressure due to the hanging pieces on the c-file}) 11.
Nhf3 Be7 12. Bb2 {White has the more pleasant game.}) 8... e6 9. e4 dxc4 10.
Qxc4 b5 11. Qc2 c5 12. a4 Nc6 13. axb5 Nb4 14. Qc4 Nd7 {1-0 (26) Bologan,V 
(2672)-Inarkiev,E (2693) Poikovsky 2013. Black is fine now but lost in the end.
}) 6... Be4 {Probably the strongest.} ({After} 6... Bg4 7. Qc2 e6 8. h3 Bh5 9.
g4 Bg6 10. Nxg6 hxg6 11. Bg2 Nbd7 12. O-O $14 {the positon is similar to those
which could arise in the 4.e3 Bg4 line. In my opinion it's a good version for
White.}) 7. Be2 (7. Qb3 {now it's also interesting because 7... b5 is less
effective} Ra7 (7... b5 {now it's dangerous} 8. cxd5 Bxd5 (8... cxd5 9. f3 Bg6
10. a4 b4 11. Qxb4 Nc6 12. Qc3 Qb6 13. Nxg6 hxg6 14. a5 Qb7 15. Nb3 $14) 9. Qc2
e6 10. Nhf3 Qa5 11. Be2 Nbd7 12. O-O c5 13. a4 $36) 8. Be2 (8. f3 Bg6 9. Qc3 e6
{1/2 (9) Karpov,A (2668)-Grischuk,A (2717) Sochi 2007}) 8... e6 9. O-O Bd6 10.
c5 {engines often overestimate this move in this kind of positions} Bc7 11. f3
Bg6 12. Nxg6 hxg6 13. f4 Ne4 $5 14. Nxe4 dxe4 15. g3 (15. Qc2 Qh4 16. h3 Qg3)
15... Nd7 16. Qc2 f5 17. Bc4 Kf7 {and Black's knight goes to d5 and will fully
compensate for the lack of space.}) (7. f3 Bg6 8. g3 e6 9. Nxg6 hxg6 10. Kf2 c5
$1 {1-0 (124) Bologan,V (2658)-Rublevsky,S (2677) Poikovsky 2007. Black is
more than OK and the final result was not the logical outcome of the opening
phase.}) 7... e6 8. O-O Bd6 9. g3 (9. c5 $5 Bc7 10. Qb3 Ra7 {is a
transposition to the line in the last comment.}) 9... Nbd7 10. Nxe4 Nxe4 11.
Bd3 Nef6 {Black has a comfortable game and no reason for the knight retreat.} (
{after} 11... O-O 12. b3 f5 13. Bb2 Qe7 14. Qc2 Rae8 {Black is OK.}) 12. b3 O-O
13. Bb2 c5 $2 {This is a big mistake.} ({It's quite typical to exchange one of
the two bishops in if your opponent has this advantage. This position is not
an exception:} 13... Qe7 14. Qc2 (14. a3 g6 15. c5 Bc7 16. f4 Ne4 $132) 14...
Ba3 15. Bc3 Bb4 16. Bxb4 Qxb4 17. a3 Qe7 18. c5 e5 $1 (18... g6 19. f4 $14) 19.
Nf5 Qe6 20. Nd6 e4 21. Be2 Ra7 22. b4 Ne8 23. Nxe8 Rxe8 24. a4 Rea8 $11) 14.
cxd5 Nxd5 15. dxc5 Nxc5 (15... Bxc5 16. Qh5 h6 (16... N5f6 17. Bxf6 Nxf6 18.
Bxh7+ Nxh7 19. Qxc5 $16) 17. Rfd1 $36) 16. Bc2 $1 Be7 {Black's idea is the
same: to trade bishops but not in time in this case.} 17. Qh5 $1 f5 (17... h6 {
here White has two good possibilities with a clear advantage in both cases:}
18. Nf5 (18. Rad1 $5 Bf6 19. Ba3 Bxh4 20. gxh4 $40) 18... exf5 19. Rad1 Bf6 20.
Qxf5 g6 21. Qxd5 Qxd5 22. Rxd5 Bxb2 23. Rxc5 Rac8 24. Rxc8 Rxc8 25. Be4 b6 (
25... Rc7 26. Rd1) 26. Bb7 $1 Rc7 27. Bxa6 Ra7 28. Rb1 $1 Be5 29. Bf1 Rxa2 30.
Rc1 {with good chances to convert the extra pawn.}) 18. Nxf5 exf5 $6 {Offering
an even more sweet choice in a position with a big white advantage.} (18...
Rxf5 {was more stubborn} 19. Bxf5 exf5 20. Qxf5 Nc7 21. Rad1 Qf8 22. Qxf8+ Bxf8
23. Be5 N7e6 24. Bd6 {but it's lost anyway.}) 19. Rad1 $1 Qd6 (19... Qd7 20. b4
Na4 21. Bb3 Nab6 22. Bd4 $18) 20. b4 Ne6 21. Bxf5 Ng5 22. Rxd5 $1 Qxb4 (22...
Qxd5 23. Bxh7+ $18) 23. Bd4 Rad8 24. Rxd8 Bxd8 25. Qg4 (25. Bc2 $1 {was more
precise and killing immediately:} g6 26. Bxg6 Qe7 27. Ba1 $18) 25... Qc4 26. h4
Qd5 (26... g6 $1 {could be the last trick although it's too tame:} 27. Ba1 $1 {
probably the easiest} (27. Bxg6 $4 Nf3+ 28. Kg2 Qxf1+ $1) 27... Nh3+ (27...
Qxa2 28. hxg5 Rxf5 29. Qd4 $18) 28. Kg2 Nf4+ 29. Qxf4 Qxf4 30. exf4 $18 {
in both cases the endgames are completely winning} (30. Be6+ $5 $18)) 27. Bxh7+
$1 Kxh7 28. hxg5 Qxg5 29. Qe4+ Qg6 {And he resigned at the moment when I was
considering whether to take on b7 immediately or give a check on h1 first.} 1-0

[Event "Hoogeveen Essent Crown"]
[Site "Hoogeveen"]
[Date "2003.10.12"]
[Round "1"]
[White "Polgar, Judit"]
[Black "Karpov, Anatoly"]
[Result "1-0"]
[WhiteElo "2722"]
[BlackElo "2693"]
[Annotator "Huzman,A"]
[PlyCount "51"]
[EventDate "2003.10.12"]
[EventType "tourn"]
[EventRounds "6"]
[EventCountry "NED"]
[EventCategory "18"]
[SourceTitle "CBM 098"]
[Source "ChessBase"]
[SourceDate "2004.02.03"]
[SourceVersion "1"]
[SourceVersionDate "2004.02.03"]
[SourceQuality "1"]

1. e4 e5 2. Nf3 Nf6 3. Nxe5 d6 4. Nf3 Nxe4 5. d4 d5 6. Bd3 Be7 7. O-O Nc6 8. c4
Nb4 9. Be2 O-O 10. a3 Nc6 11. cxd5 Qxd5 12. Nc3 Nxc3 13. bxc3 Qd6 $146 14. Rb1
b6 15. Re1 Be6 (15... Bf5 16. Rb5 Qg6 17. Rxf5 $1 Qxf5 18. Bd3 Qa5 (18... Qd7
19. Bb5 $18) (18... Qf6 19. Be4 $1 $16 h6 20. Bxc6 Qxc6 21. Rxe7 Qxc3 22. Bf4
$16) 19. Ne5 $1 Nxe5 20. Rxe5 Qxc3 21. Rxe7 Rae8 22. Re3 $16) (15... Re8 16.
Bd3 Be6 {-see game}) 16. Bd3 Rae8 17. Rb5 $1 Na5 (17... a6 18. Rb1 a5 19. Rb5
$36) 18. Rbe5 Nc6 19. R5e2 $16 {White's army has taken a commanding position
and is ready to strike while Black's Rs look pretty awkward and his light
pieces are unable to stretch a helping hand to their K} Bd7 (19... h6 20. Bb1
Bd5 21. Qc2 f5 22. Ba2 $16) 20. d5 Na5 21. Ne5 Bf6 (21... Bc8 22. Qc2 Qxd5 23.
Bxh7+ Kh8 24. c4 Qc5 25. Bb2 $40) 22. Bf4 $1 Bxe5 23. Bxe5 Qxa3 24. Re3 $1 {
The renown 2-Bs sac is on the cards!} (24. Qd2 h6 25. Bxc7 Rxe2 26. Rxe2 Nb3
27. Qb2 Qxb2 28. Rxb2 Nc5 $14) 24... Qc5 $4 {Karpov overlooks the threat, but
it's to be said that Black is already deep in trouble} (24... h6 25. Bxc7 (25.
c4 Qb4 26. Bc3 Qd6 27. Rxe8 Rxe8 28. Rxe8+ Bxe8 29. Qg4 f6 30. Qe4 Kf8 31. c5
Qe7 $13) 25... Rxe3 26. Rxe3 Qc5 27. d6 Nc4 28. Re7 $16) 25. Bxh7+ $1 Kxh7 26.
Qh5+ (26. Qh5+ Kg8 27. Bxg7 Kxg7 (27... f5 28. Qg6 $18) 28. Rg3+ Kf6 29. Qg5#)
1-0

[Event "Wch Blitz 5th"]
[Site "Moscow"]
[Date "2010.11.18"]
[Round "33"]
[White "Movsesian, Sergei"]
[Black "Vachier Lagrave, Maxime"]
[Result "1-0"]
[WhiteElo "2721"]
[BlackElo "2703"]
[PlyCount "129"]
[EventDate "2010.11.16"]
[EventType "tourn (blitz)"]
[EventRounds "38"]
[EventCountry "RUS"]
[EventCategory "20"]
[SourceTitle "EXT 2011"]
[Source "ChessBase"]
[SourceDate "2010.11.26"]
[SourceVersion "1"]
[SourceVersionDate "2010.11.26"]
[SourceQuality "1"]

1. e4 e5 2. Nf3 d5 3. exd5 e4 4. Qe2 Nf6 5. Nc3 Be7 6. Nxe4 O-O 7. d3 Nxd5 8.
Qd1 Nc6 9. Be2 Bf5 10. O-O Qd7 11. Bd2 Rfe8 12. c3 Rad8 13. Qc2 Nf6 14. Rad1
Qe6 15. Ng3 Bg6 16. a3 Bc5 17. b4 Bb6 18. Ng5 Qe5 19. Rfe1 h6 20. Nh3 Qd6 21.
Bf4 Qd7 22. a4 a6 23. Qa2 Nd5 24. Bd2 Re7 25. d4 Rde8 26. Bc4 Rxe1+ 27. Rxe1
Rxe1+ 28. Bxe1 Nce7 29. Ne2 Qf5 30. a5 Ba7 31. Qd2 c6 32. Nhf4 Bh7 33. Bd3 Qd7
34. Bxh7+ Kxh7 35. Nxd5 cxd5 36. Nf4 Bb8 37. Nd3 Bd6 38. f3 Nf5 39. Qe2 Qb5 40.
Kf1 Bxh2 41. g4 Ng3+ 42. Bxg3 Bxg3 43. Nc5 Qc6 44. Qd3+ g6 45. Qe2 Bd6 46. Kg2
Kg7 47. Qe3 Qc8 48. Qe2 h5 49. gxh5 gxh5 50. Qd3 h4 51. Qe3 h3+ 52. Kh1 Qf5 53.
Nd3 Kh7 54. Ne5 f6 55. Qd3 Qxd3 56. Nxd3 Kg6 57. Nf2 h2 58. Kg2 Kf5 59. Nd3 Kg5
60. Nc5 Bxc5 61. dxc5 Kf4 62. b5 d4 63. cxd4 axb5 64. c6 bxc6 65. a6 1-0

[Event "Ostrava m"]
[Site "Ostrava"]
[Date "1998.11.19"]
[Round "6"]
[White "Shirov, Alexei"]
[Black "Hracek, Zbynek"]
[Result "1-0"]
[WhiteElo "2720"]
[BlackElo "2615"]
[Annotator "Hracek,Z"]
[PlyCount "75"]
[EventDate "1998.11.14"]
[EventType "match"]
[EventRounds "6"]
[EventCountry "CZE"]
[SourceTitle "CBM 068"]
[Source "ChessBase"]
[SourceDate "1999.02.01"]
[SourceVersion "1"]
[SourceVersionDate "1999.02.01"]
[SourceQuality "1"]

1. e4 {Ftacnik} c5 2. Nf3 d6 3. d4 cxd4 4. Nxd4 Nf6 5. Nc3 e6 6. Be3 Nc6 7. Be2
Be7 8. Qd2 a6 9. O-O-O Nxd4 10. Qxd4 e5 11. Qa4+ (11. Qd2 Be6 12. f4 Qa5 13. a3
Rc8 $36) (11. Qd3 Be6 12. f4 Rc8 13. f5 Bc4 14. Qd2 Bxe2 15. Qxe2 Rxc3 $36)
11... Bd7 12. Qb3 b5 13. f4 (13. Nd5 Nxd5 14. Qxd5 Rc8 15. Kb1 Qc7 $11) 13...
Be6 14. Nd5 {Ftacnik: 'Black must be on alert, since the concentration of
white forces in the center is dangerous.'} Bxd5 (14... exf4 {Ftacnik} 15. Bxf4
O-O 16. Nxe7+ Qxe7 17. Qb4 Rfc8 18. Bxd6 Qb7 $14) (14... Nxe4 $6 {Ftacnik} 15.
fxe5 dxe5 (15... Bg5 16. exd6 Nf2 17. Nc7+ Qxc7 18. dxc7 Bxb3 19. Bxg5 Nxd1 20.
Rxd1 f6 21. Bf3 Rc8 22. Bf4 $16) 16. Bf3 Nd6 (16... f5 $2 17. Bxe4 fxe4 18.
Rhf1 Qd7 19. Nc7+ Qxc7 20. Qxe6 $18) 17. Qc3 $14) 15. exd5 Nd7 (15... exf4 {
Ftacnik} 16. Bxf4 O-O 17. Rhf1 $14) 16. g4 $6 (16. Bg4 Bf6 (16... O-O {Ftacnik}
17. Bxd7 Qxd7 18. fxe5 dxe5 19. Rhe1 $14) 17. Bxd7+ Qxd7 18. fxe5 Bxe5 19. Bd4
Bxd4 20. Rxd4 O-O $11) 16... exf4 $6 (16... O-O) 17. Bxf4 O-O 18. Kb1 $6 (18.
h4 Nc5 19. Qf3 $36) 18... Nc5 $15 19. Qf3 Bf6 (19... Bg5 $1 20. Bg3 Bf6 $15)
20. h4 {'!' Ftacnik. Ftacnik: 'Shirov is forced to attack the kingside and he
does it in a pure and elegant way.'} Na4 (20... Bxh4 {Ftacnik} 21. Bxd6 $1 (21.
Qh3 $6 g5 22. Bxg5 Qxg5 23. Qxh4 Qxh4 24. Rxh4 Rfe8 $14) 21... Qxd6 22. Rxh4
$16) 21. Bc1 Rc8 (21... Bxh4 {Ftacnik} 22. g5 $1 Bxg5 23. Qf5 h6 24. Rdg1 Bxc1
(24... g6 25. Bxg5 hxg5 26. Qh3 Kg7 27. Qh6+ Kf6 28. Qxg5+ Kg7 29. Qh6+ Kf6 30.
Rf1+ Ke7 31. Bg4 $18) 25. Bd3 Re8 26. Qh7+ Kf8 27. Rxg7 $18) 22. g5 Be5 23. h5
(23. Bd3 Qa5 24. h5 Nc3+) 23... Qc7 24. Bd3 (24. Rd2 {Ftacnik} f5 $5 $13) 24...
Nc3+ $8 {'!' Ftacnik. Ftacnik: 'The original and very efficient counterplay,
black forces the simplification.'} (24... f5 {Ftacnik} 25. gxf6 Bxb2 26. Bxb2
Nxb2 27. Kxb2 Qc3+ 28. Kb1 Qb4+ 29. Kc1 Qa3+ 30. Kd2 Qc3+ $11) 25. bxc3 Qxc3
26. Bxh7+ Kxh7 27. g6+ Kg8 (27... fxg6 $2 {Ftacnik} 28. hxg6+ Kg8 (28... Kxg6
29. Rdg1+ Bg3 30. Rxg3#) 29. Rh8+ $1 Kxh8 30. Qh5+ Kg8 31. Qh7#) 28. Qxc3 Bxc3
$1 $15 29. Rdf1 Rc4 {Ftacnik: 'The endgames from Sicilian defense are usually
quite good for black, all white pawns on the board are potentially very weak.'}
30. Be3 (30. a3 {Ftacnik} fxg6 31. Rxf8+ Kxf8 32. hxg6 Rg4 33. Rh8+ Ke7 34. Rc8
Be5 $17) 30... fxg6 31. hxg6 Rxf1+ 32. Rxf1 Rg4 33. Rg1 Re4 (33... Rxg1+ {
Ftacnik} 34. Bxg1 Kf8 35. Be3 Ke7 36. Bg5+ Bf6 37. Bf4 $11) 34. Bf2 Rb4+ (34...
Be5 35. Re1 (35. Kc1 Kf8) 35... Rg4 36. Rg1 Rf4 37. Be3 (37. Bg3 Rd4 $17 38.
Bxe5 dxe5 39. Rc1 Kf8 40. Rf1+ Rf4 41. Re1 Rf5 $17) 37... Re4 $17) (34... Rf4
$5 {Ftacnik} 35. Be3 Rf5 36. Rd1 b4 $17) 35. Kc1 Rb2 $4 {'?' Ftacnik. Ftacnik:
'Hracek sees red and wants his revenge for suffering in other games,
unfortunatelly sailing off the rook will prove suicidal.'} (35... Ra4 $15) (
35... Ra4 $142 {Ftacnik} 36. Be1 (36. Kb1 Rf4) 36... Bd4 $15) 36. Rg3 b4 (36...
Be5 37. Ra3 Rb4 38. Rxa6 Kf8 $16) 37. Re3 Kf8 (37... Be5 {Ftacnik} 38. Rxe5 $1
dxe5 39. Kxb2 $18 (39. Bc5 $5 Rxa2 40. d6 Ra1+ 41. Kd2 $18)) 38. Bg3 {Ftacnik:
'Black heappens to have a vulnerable king as well.'} (38. Bg3 {Ftacnik} Rxa2
39. Bxd6+ Kg8 40. Re8#) 1-0

[Event "PRO League Atlantic"]
[Site "chess.com INT"]
[Date "2017.01.11"]
[Round "1"]
[White "Li, Chao B"]
[Black "Yudasin, Leonid"]
[Result "1-0"]
[WhiteElo "2720"]
[BlackElo "2517"]
[PlyCount "89"]
[EventDate "2017.01.11"]
[EventType "team-swiss (rapid)"]
[EventRounds "7"]
[EventCountry "USA"]
[SourceTitle "CBM 176 Extra"]
[Source "ChessBase"]
[SourceDate "2017.03.02"]
[SourceVersion "1"]
[SourceVersionDate "2017.03.02"]
[SourceQuality "1"]
[WhiteTeam "Montreal ChessBrahs"]
[BlackTeam "New York Knights"]
[WhiteTeamCountry "CAN"]
[BlackTeamCountry "USA"]

1. d4 Nf6 2. Nf3 e6 3. Bf4 c5 4. e3 Nc6 5. Nbd2 Be7 6. h3 O-O 7. c3 b6 8. Bd3
Bb7 9. O-O cxd4 10. exd4 d6 11. Bh2 g6 12. Qe2 Re8 13. Rfe1 Bf8 14. a4 Rc8 15.
Nc4 d5 16. Nce5 Nxe5 17. Bxe5 a5 18. Bb5 Nd7 19. h4 Bc6 20. Ba6 Ra8 21. h5 f6
22. Bh2 g5 23. g4 Bg7 24. b4 Nb8 25. Bd3 axb4 26. cxb4 Rxa4 27. Bxh7+ Kxh7 28.
Qc2+ Kh8 29. Rxa4 Bxa4 30. Qxa4 Qd7 31. b5 Qc8 32. Kg2 Nd7 33. Bg3 Kg8 34. Qb3
Nf8 35. Ra1 Qc4 36. Qxc4 dxc4 37. Bc7 Nd7 38. Rc1 f5 39. Rxc4 fxg4 40. Nxg5 Nf6
41. Rc6 Nxh5 42. Nxe6 Bf6 43. d5 Kf7 44. Rxb6 Ra8 45. Ra6 1-0

[Event "POL-ch rapid"]
[Site "Trzcianka"]
[Date "2014.04.13"]
[Round "8"]
[White "Wojtaszek, Radoslaw"]
[Black "Naiditsch, Arkadij"]
[Result "1-0"]
[WhiteElo "2716"]
[BlackElo "2706"]
[PlyCount "55"]
[EventDate "2014.04.13"]
[EventType "swiss (rapid)"]
[EventRounds "9"]
[EventCountry "POL"]
[SourceTitle "CBM 159 Extra"]
[Source "ChessBase"]
[SourceDate "2014.04.24"]
[SourceVersion "1"]
[SourceVersionDate "2014.04.24"]
[SourceQuality "1"]

1. d4 Nf6 2. c4 e6 3. Nc3 d5 4. cxd5 Nxd5 5. e4 Nxc3 6. bxc3 c5 7. Rb1 Be7 8.
Bb5+ Nd7 9. a4 O-O 10. Nf3 Nf6 11. Bd3 Qa5 12. Bd2 Qc7 13. O-O Bd7 14. Re1 Rad8
15. e5 Nd5 16. c4 Nb4 17. Bxb4 cxb4 18. d5 Bc5 19. Bxh7+ Kxh7 20. Ng5+ Kh6 21.
Qg4 exd5 22. Qh4+ Kg6 23. Qh7+ Kxg5 24. Qxg7+ Kh5 25. g4+ Bxg4 26. Qh7+ Kg5 27.
h4+ Kf4 28. Qh6+ 1-0

[Event "RUS-ch Higher League 66th"]
[Site "Ekaterinburg"]
[Date "2013.06.29"]
[Round "9"]
[White "Jakovenko, Dmitrij"]
[Black "Lysyj, Igor"]
[Result "1-0"]
[WhiteElo "2713"]
[BlackElo "2656"]
[PlyCount "157"]
[EventDate "2013.06.20"]
[EventType "swiss"]
[EventRounds "9"]
[EventCountry "RUS"]
[SourceTitle "CBM 155"]
[Source "ChessBase"]
[SourceDate "2013.07.16"]
[SourceVersion "1"]
[SourceVersionDate "2013.07.16"]
[SourceQuality "1"]

1. d4 Nf6 2. c4 e6 3. Nc3 Bb4 4. e3 O-O 5. Bd3 c5 6. Nge2 d5 7. cxd5 cxd4 8.
exd4 Nxd5 9. a3 Bd6 10. O-O Nc6 11. Nxd5 exd5 12. Be3 Re8 13. Nf4 Qg5 14. Qd2
Nxd4 15. Bxh7+ Kxh7 16. Qxd4 Re4 17. Qxd5 Qxd5 18. Nxd5 Be5 19. Rad1 Be6 20. b3
a5 21. a4 Bb8 22. Rd3 Ra6 23. Rfd1 Rd6 24. h3 Re5 25. Nf4 Rxd3 26. Rxd3 Bf5 27.
Rd8 Bc7 28. Rf8 Re7 29. Nd5 Rd7 30. Nxc7 Rxc7 31. Bb6 Rc1+ 32. Kh2 Be6 33. Bxa5
Bxb3 34. Bb6 Be6 35. Rd8 Rc8 36. Rd3 g5 37. a5 Kg6 38. Kg3 Rc4 39. Kf3 Rb4 40.
Rd8 Rb3+ 41. Ke4 f6 42. Rb8 Bd7 43. Kd4 Bc6 44. g3 Rb2 45. Kc3 Re2 46. Rd8 Kf7
47. Rh8 Re8 48. Rh7+ Kg6 49. Rc7 Bg2 50. Rd7 Rf8 51. h4 gxh4 52. gxh4 Kh5 53.
Rh7+ Kg6 54. Rc7 Kh5 55. Rh7+ Kg6 56. Rd7 Kh5 57. Rd4 f5 58. Rf4 Be4 59. Kd4
Kg6 60. Ke5 Rf7 61. Ke6 Rh7 62. Bd8 Rh8 63. Kd7 Rh7+ 64. Be7 Rh8 65. Kc7 Rh7
66. Kd6 Rh8 67. f3 Bc6 68. Ke6 Rh7 69. Bf6 Rh6 70. Ke5 Rh5 71. Bg5 Rh8 72. Rxf5
Re8+ 73. Kf4 Re1 74. h5+ Kg7 75. h6+ Kg8 76. Kg3 Rg1+ 77. Kf2 Rd1 78. f4 Rd3
79. Re5 1-0

[Event "Gibraltar Masters 11th"]
[Site "Caleta"]
[Date "2013.01.26"]
[Round "5"]
[White "Vachier Lagrave, Maxime"]
[Black "Tischbierek, Raj"]
[Result "1-0"]
[WhiteElo "2713"]
[BlackElo "2472"]
[PlyCount "40"]
[EventDate "2013.01.22"]
[EventType "swiss"]
[EventRounds "10"]
[EventCountry "ENG"]
[SourceTitle "CBM 153"]
[Source "ChessBase"]
[SourceDate "2013.03.14"]
[SourceVersion "1"]
[SourceVersionDate "2013.03.14"]
[SourceQuality "1"]

1. e4 e6 2. d4 d5 3. Nc3 Bb4 4. e5 Qd7 5. Bd3 b6 6. Qg4 f5 7. exf6 Nxf6 8. Qe2
O-O 9. a3 Bxc3+ 10. bxc3 c5 11. dxc5 e5 12. cxb6 axb6 13. Bb2 Ra5 14. Qe3 Ng4
15. Qxb6 Ra7 16. O-O-O Rb7 17. Qc5 Rc7 18. Bxh7+ Kxh7 19. Qxf8 Qe6 20. Nh3 Kg6
1-0

[Event "Wch Blitz 9th"]
[Site "Berlin"]
[Date "2015.10.14"]
[Round "17"]
[White "Ponomariov, Ruslan"]
[Black "Khairullin, Ildar"]
[Result "1-0"]
[WhiteElo "2710"]
[BlackElo "2652"]
[PlyCount "115"]
[EventDate "2015.10.13"]
[EventType "swiss (blitz)"]
[EventRounds "21"]
[EventCountry "GER"]
[SourceTitle "CBM 168 Extra"]
[Source "ChessBase"]
[SourceDate "2015.10.29"]
[SourceVersion "1"]
[SourceVersionDate "2015.10.29"]
[SourceQuality "1"]

1. e4 c6 2. d4 d5 3. e5 Bf5 4. Nf3 e6 5. Be2 Nd7 6. O-O h6 7. Nbd2 Ne7 8. c3 a6
9. b4 Bh7 10. Nb3 Ng6 11. a4 Be7 12. Bd3 O-O 13. g3 f6 14. exf6 Rxf6 15. Qe2
Qf8 16. Ne1 Bd6 17. f4 Ne7 18. Bxh7+ Kxh7 19. Nd3 Qf7 20. Bd2 Rg6 21. Rf2 Nf6
22. Ne5 Qe8 23. Nxg6 Nxg6 24. f5 exf5 25. Qxe8 Rxe8 26. Rxf5 Ne4 27. Rf3 Nf8
28. Be1 Ne6 29. Kg2 N6g5 30. Re3 h5 31. h4 Nf7 32. Nd2 Nh6 33. Nxe4 dxe4 34.
Re2 Nf5 35. Bf2 e3 36. Be1 Re4 37. Kf3 Rg4 38. Rg2 Kg6 39. Rd1 Kf7 40. d5 c5
41. bxc5 Bxc5 42. a5 Ke7 43. Rb1 Nd6 44. Re2 Kf6 45. Rd1 Ra4 46. Rg2 Rg4 47.
Rd3 Nc4 48. Ke2 Ne5 49. Rd1 Ra4 50. Rb1 Kf5 51. Rxb7 Ra2+ 52. Kf1 Ra1 53. Rgb2
Nf3 54. Re2 Ke4 55. Rxg7 Kd3 56. d6 Bxd6 57. Rd7 Nd2+ 58. Rxd2+ 1-0

[Event "Universiad Men 27th"]
[Site "Kazan"]
[Date "2013.07.14"]
[Round "8"]
[White "So, Wesley"]
[Black "Margvelashvili, Giorgi"]
[Result "1-0"]
[WhiteElo "2705"]
[BlackElo "2548"]
[PlyCount "95"]
[EventDate "2013.07.09"]
[EventType "swiss"]
[EventRounds "9"]
[EventCountry "RUS"]
[SourceTitle "CBM 155 Extra"]
[Source "ChessBase"]
[SourceDate "2013.08.26"]
[SourceVersion "1"]
[SourceVersionDate "2013.08.26"]
[SourceQuality "1"]

1. e4 c6 2. d4 d5 3. e5 Bf5 4. Nf3 e6 5. Be2 Nd7 6. O-O h6 7. Nbd2 Ne7 8. Nb3
Bh7 9. Bd2 Ng6 10. c4 dxc4 11. Bxc4 Be7 12. Rc1 O-O 13. Bd3 a5 14. a4 Bb4 15.
Bxb4 axb4 16. a5 Ne7 17. Bxh7+ Kxh7 18. Nfd2 Nd5 19. Ne4 Qh4 20. Nd6 Ra7 21. f4
Kg8 22. Qd2 f5 23. exf6 Qxf6 24. g3 Qe7 25. Nc4 Raa8 26. Rce1 Rf6 27. Re4 Raf8
28. Rfe1 Rg6 29. Kh1 Nc7 30. Nc5 Nxc5 31. dxc5 Nd5 32. Nd6 Qc7 33. Nc4 Qe7 34.
Qe2 Rgf6 35. Ne5 Ra8 36. Ng4 Rf7 37. Rxe6 Qxc5 38. Qe4 Raf8 39. Qg6 Kh8 40. Ne5
Rf6 41. Rxf6 Nxf6 42. Nf7+ Rxf7 43. Qxf7 Qf2 44. Qf8+ Kh7 45. Qxb4 c5 46. Qc3
c4 47. Qe5 Ng4 48. Qf5+ 1-0

[Event "BCF-chT 1314 (4NCL)"]
[Site "England"]
[Date "2014.05.04"]
[Round "10.122"]
[White "Shirov, Alexei"]
[Black "Williams, Simon Kim"]
[Result "1-0"]
[WhiteElo "2703"]
[BlackElo "2455"]
[PlyCount "93"]
[EventDate "2013.11.16"]
[EventType "team-swiss"]
[EventRounds "11"]
[EventCountry "ENG"]
[SourceTitle "EXT 2015"]
[Source "ChessBase"]
[SourceDate "2014.11.20"]
[SourceVersion "1"]
[SourceVersionDate "2014.11.20"]
[SourceQuality "1"]
[WhiteTeam "Wood Green HK"]
[BlackTeam "Cheddleton"]
[WhiteTeamCountry "ENG"]
[BlackTeamCountry "ENG"]

1. e4 c5 2. Nf3 d6 3. d4 cxd4 4. Nxd4 Nf6 5. Nc3 a6 6. Be3 e6 7. Be2 Be7 8. f4
O-O 9. g4 b5 10. g5 Nfd7 11. a3 Bb7 12. Rg1 Nc6 13. f5 Nxd4 14. Qxd4 d5 15.
fxe6 fxe6 16. exd5 Bc5 17. Qd2 Qb6 18. Bxc5 Nxc5 19. O-O-O Rad8 20. b4 Bxd5 21.
bxc5 Qxc5 22. Nxd5 Rxd5 23. Bd3 Qxa3+ 24. Kb1 Rc8 25. Qe1 Qd6 26. Bxh7+ Kxh7
27. Rxd5 Qxd5 28. g6+ Kg8 29. Qh4 Rc4 30. Qh7+ Kf8 31. Qh8+ Ke7 32. Qxg7+ Kd6
33. Qf8+ Kc7 34. g7 Qd4 35. Qe7+ Kb6 36. g8=Q Rb4+ 37. Qxb4 Qxb4+ 38. Kc1 Qf4+
39. Kd1 Qf3+ 40. Kd2 Qf2+ 41. Kc3 Qe3+ 42. Kb2 Qd4+ 43. c3 Qd2+ 44. Kb3 Qd5+
45. Kc2 Qa2+ 46. Kc1 Qa3+ 47. Kd2 1-0